00583nam a2200205Ia 4500001000700000003000500007005001700012008004100029010001100070020001800081040000900099082001300108100002100121245007200142260008000214300001100294500001300305600001300318700004600331dia_90CHAP20221207113549.0220117s1987 xx 000 0 und d a170521 a0-913250-46-5 cCHAP a633.1 K7 aKruger, James E. aEnzymes and their role in cereal technology /c by James E. Kruger aSt. Paul Minnesota, USA :b American Association of Cereal Chemists,c1987 a403 p. aI.209968 aCereales aAmerican Association of Cereal Chemistry